Obchodná spolupráca Slovenska s Ruskom
Obchodné vzťahy Slovenska s Ruskou federáciou rámcovo upravené v Dohode medzi vládou Slovenskej republiky a vládou Ruskej federácie o hospodárskej a vedecko-technickej spolupráci. Situácia v zahraničnom obchode Slovenska s Ruskom. Obchod so službami Slovenska s Ruskom. Bilancia obchodu so službami S...
Saved in:
| Main Author: | |
|---|---|
| Format: | Book Chapter |
| Language: | Slovak |
| Subjects: | |
| Tags: |
No Tags, Be the first to tag this record!
|
MARC
| LEADER | 00000naa$a2200000$$$4500 | ||
|---|---|---|---|
| 001 | 0051345 | ||
| 005 | 20240611103013.5 | ||
| 041 | 0 | |a slo | |
| 044 | |a SK | ||
| 245 | 1 | 0 | |a Obchodná spolupráca Slovenska s Ruskom |c Ivana Holubcová |
| 520 | |a Obchodné vzťahy Slovenska s Ruskou federáciou rámcovo upravené v Dohode medzi vládou Slovenskej republiky a vládou Ruskej federácie o hospodárskej a vedecko-technickej spolupráci. Situácia v zahraničnom obchode Slovenska s Ruskom. Obchod so službami Slovenska s Ruskom. Bilancia obchodu so službami Slovenska s Ruskom aktívna vďaka potrubnej preprave. | ||
| 610 | 2 | 0 | |a spolupráca hospodárska medzinárodná |
| 610 | 2 | 0 | |a obchod zahraničný |
| 610 | 2 | 0 | |a dovoz |
| 610 | 2 | 0 | |a vývoz |
| 610 | 2 | 0 | |a doprava potrubná |
| 610 | 2 | 0 | |a suroviny |
| 610 | 2 | 0 | |a ruch cestovný |
| 610 | 2 | 0 | |a služby |
| 610 | 2 | 0 | |a Slovensko |
| 610 | 2 | 0 | |a Rusko |
| 100 | 1 | |a Holubcová, Ivana, 1982- | |